LEADER 01181nam a2200277 i 4500 001 000000119942 003 CaOOAMICUS 005 20240718160019.0 008 031110s1981 it u000 u ita u 013 $a92636 040 $aSeMil$bita 100 1 $aCasini, Carlo,$d<1935-2020>.$0(OLS)http://semarc/name/22701 245 13$aLa ricomposizione dell'area cattolica dopo il Referendum sull'aborto /$cCarlo Casini, Vittoria Quarenghi. 260 $aMilano :$bEditoriale LCA,$cstampa 1981. 300 $a187 p. ;$c20 cm. 500 $aFondo Card. C.M. Martini. 650 4$aMovimento per la Vita.$0(OLS)http://semarc/subject/18692 650 4$aAborto - Italia - Referendum <1981>.$0(OLS)http://semarc/subject/19967 700 1 $aQuarenghi, Vittoria.$0(OLS)http://semarc/name/49951 850 $aSeMil 852 $aSeMil$W1$xVenegono$y1$m3N I 63$j75149$B75149$CSeMilBibl$Z2$F87757 $81 941 1 $a4 961 $aOmaggio: Martini Card. Carlo Maria 996 $6245$aLa ricomposizione dell'area cattolica dopo il Referendum sull'aborto$9(OLS)http://semarc/title/176409 996 $6260$aMilano :$bEditoriale LCA$9(OLS)http://semarc/publisher/45946 LEADER 00997nam a2200205 i 4500 001 000000013216 003 CaOOAMICUS 005 20180830125441.0 008 180830s2004 fr u000 u und u 040 $aSeMil$bita 240 00$aIndici generali.$0(OLS)http://semarc/title/12328 245 10$aTables :$bcomplements et mises à jour /$cpubliés sous le patronage de l'Institut catholique de Lille par le Père Gérard Mathon. 300 $a2 v. 650 4$aCatholicisme - Indici e aggiornamenti.$0(OLS)http://semarc/subject/2208 700 1 $aMathon, Gérard <1927- >.$0(OLS)http://semarc/name/959 710 2 $aInstitut Catholique .$0(OLS)http://semarc/name/585 773 0 $tCatholicisme.$dParis : Letouzey et Ané, imprim. 1948.$z978-2-7063-0160-5$z2-7063-0160-0$w()734 774 0 $tA-K.$z2-7063-0240-2$w()131556 774 0 $aMathon, Gérard <1927- >$tL-Z.$z978-2-7063-0245-9$w()162975 996 $6245$aTables :$bcomplements et mises à jour$9(OLS)http://semarc/title/17609